Nature tourism, conservation, and development in Kwazulu-Natal, Sourth Africa (Record no. 289618)

000 -LEADER
fixed length control field 00559cam a22001577a 4500
008 - FIXED-LENGTH DATA ELEMENTS--GENERAL INFORMATION
fixed length control field 180718b2003 xxu||||| |||| 00| 0 eng d
020 ## - INTERNATIONAL STANDARD BOOK NUMBER
International Standard Book Number 0821353500
082 ## - DEWEY DECIMAL CLASSIFICATION NUMBER
Classification number OA6x67 Ay48
245 ## - TITLE STATEMENT
Title Nature tourism, conservation, and development in Kwazulu-Natal, Sourth Africa
Statement of responsibility, etc. edited by Bruce Aylward and Ernst Lutz
260 ## - PUBLICATION, DISTRIBUTION, ETC.
Place of publication, distribution, etc. Washington, D.C.
Name of publisher, distributor, etc. World Bank
Date of publication, distribution, etc. 2003
300 ## - PHYSICAL DESCRIPTION
Extent 475p.
650 ## - SUBJECT ADDED ENTRY--TOPICAL TERM
Topical term or geographic name entry element Tourist trade and state - Kwazulu-Natal - South Africa
650 ## - SUBJECT ADDED ENTRY--TOPICAL TERM
Topical term or geographic name entry element Ecotourism - Kwazulu-Natal - South Africa
700 ## - ADDED ENTRY--PERSONAL NAME
Personal name Lutz, Ernst
700 ## - ADDED ENTRY--PERSONAL NAME
Personal name Aylward, Bruce
Holdings
Withdrawn status Lost status Damaged status Not for loan Permanent Location Current Location Date acquired Full call number Barcode Date last seen Price effective from Koha item type
        Indian Institute of Public Administration Indian Institute of Public Administration 2003-09-08 OA6x67 Ay48 WB9706 2018-07-20 2018-07-20 WB

Powered by Koha